000 00972nam a2200277 i 4500
001 149538
003 ES-MaACL
005 20251005063118.0
007 t|
008 071023s1970 sp ||||1| spa d
080 _a17
080 _a159.964
100 0 _aVázquez Fernández, Francisco,
_d1933-
_9113440
245 1 0 _aPsicología profunda y ética /
_cFrancisco Vázquez, Antonio Vázquez.
260 _aMadrid :
_bInstituto de Criminología de la Universidad de Madrid,
_c1970.
300 _aXXI, 606 p. ;
_c23 cm.
490 1 _aColección de criminología y derecho penal ;
_v4
650 7 _aÉtica
_2embne
_912577
650 4 _aPsicoanálisis.
_916530
700 1 _aVázquez Fernández, Antonio.
_9113439
710 2 _aUniversidad de Madrid.
_bInstituto de Criminología.
_9173852
830 1 _aColección de criminología y derecho penal ;
_v4
_9187567
852 4 _aES-MaACL
_jC-36603
852 4 _aES-MaACL
_jC-44560
999 _c149538
_d149538